| 000 | 00536nam a2200193Ia 4500 | ||
|---|---|---|---|
| 005 | 20250508150719.0 | ||
| 008 | 008 250505s9999 xx 000 0 eng d | ||
| 037 | _aTextual | ||
| 040 |
_aFEDL _beng _cFEDL |
||
| 041 |
_aeng _2eng |
||
| 084 |
_a551, SEA _qFEDL |
||
| 100 |
_aSearson V F _9757404 |
||
| 245 | 0 | _aPhysical basis of geography | |
| 260 |
_aLondon, UK _bGeorge G Harrap and Co Ltd. _c1932 |
||
| 300 | _a273p. | ||
| 490 | _aHarrap's new geographical | ||
| 942 |
_cTEXL _h551, SEA |
||
| 999 |
_c1325219 _d1325219 |
||